Statistics for 5 Largest Countries Per Continent Without Continents Initial

Click here to take the quiz!

General Stats

  • This quiz has been taken 31 times
  • The average score is 16 of 30

Answer Stats

sq kmCounty% Correct
Oceania7.7millAustralia
81%
South America8.5 millBrazil
81%
Oceania270000New Zealand
81%
North America1.9 millMexico
77%
South America2.7 millArgentina
73%
South America1.1 millColombia
73%
Africa1 millEgypt
73%
Europe3.2 millRussia
73%
Europe498000Spain
73%
South America1.2 millPeru
69%
North America109000Cuba
65%
Oceania18274Fiji
62%
Africa1.2 millNiger
58%
Oceania462000Papua New Guinea
58%
Europe338000Finland
54%
Europe312000Poland
50%
North America108000Guatemala
46%
Europe385000Norway
46%
Africa342000Republic Of The Congo
46%
South America1.1millBolivia
42%
Africa446000Morocco
42%
Asia300000Philippines
42%
Oceania12189Vanuatu
42%
North America51000Costa Rica
38%
Asia747000Turkey
38%
North America27000Haiti
35%
Asia527000Yemen
23%
Africa322000Cote D Ivoire
8%
Asia9251Cyprus
8%
Asia14874Timor-Leste
0%

Score Distribution

Percentile by Number Answered

Percent of People with Each Score

Your Score History

You have not taken this quiz